LEADER 02101nam a2200253 i 4500 001 000000032087 003 CaOOAMICUS 005 20230427141141.0 008 180830s1732 fr u000 u fre u 040 $aSeMil$bita 100 1 $aBossuet, Jacques-Bénigne,$c.$0(OLS)http://semarc/name/1094 245 10$aDiscours sur l'histoire universelle, à Monseigneur le Dauphin. Pour expliquer la suite de la religion, & les changemens des empires. ... Par messire Jacques-Bénigne Bossuet, .. 246 0 $aDiscours sur l'histoire universelle à Monseigneur le Dauphin pour expliquer la suite de la religion et les changemens des empires. Première partie, depuis le commencement du monde jusqu'à l'empire de Charlemagne. Par messire Jacques-Bénigne Bossuet,. 250 $aNouvelle édition 260 $aA Paris :$bChez Christoph David, ..., ruë S. Jacques, au Nom de Jésus,$c1732. 300 $a2 v. ;$c12°. 650 4$aStoria universale.$0(OLS)http://semarc/subject/7 700 1 $aDavid, Christoph,$c.$0(OLS)http://semarc/name/14809 774 0 $aBossuet, Jacques-Bénigne $tDepuis le commencement du Monde, jusqu'à l'Empire de Charlemagne.$g1$w()243053 774 0 $aBossuet, Jacques-Bénigne $t2: Suite de l'Histoire universelle de monsieur l'évêque de Meaux, depuis l'an 800 de Notre-Seigneur jusqu'à l'an 1700 inclusivement.$g2$w()243055 996 $6245$aDiscours sur l'histoire universelle, à Monseigneur le Dauphin. Pour expliquer la suite de la religion, & les changemens des empires. ... Par messire Jacques-Bénigne Bossuet, ..$9(OLS)http://semarc/title/43537 996 $6246$aDiscours sur l'histoire universelle à Monseigneur le Dauphin pour expliquer la suite de la religion et les changemens des empires. Première partie, depuis le commencement du monde jusqu'à l'empire de Charlemagne. Par messire Jacques-Bénigne Bossuet,.$9(OLS)http://semarc/title/43536 996 $6260$aA Paris :$bChez Christoph David, ..., ruë S. Jacques, au Nom de Jésus$9(OLS)http://semarc/publisher/39157 LEADER 01412nam a2200253 i 4500 001 000000193632 003 CaOOAMICUS 005 20250922102920.0 008 101026s1899 it u000 u ita u 013 $a172275 040 $aSeMil$bita 100 1 $aFerrari, Andrea Carlo,$c.$0(OLS)http://semarc/name/8218 245 10$aAlle Reverende Religiose dell'Arcidiocesi di Milano per l'Anno Santo. 260 $aMilano :$bTip. arciv. Boniardi-Pogliani di C. Mauri e C.,$c1899. 300 $a10 p. ;$c27 cm. 500 $aRilegato insieme ad altre lettere pastorali nel vol. con segnatura 2F-V-25 FA. 500 $aStemma dell'Arcivescovo A. Ferrari sul front. 650 4$aFerrari, Andrea Carlo - Scritti, discorsi, omelie, lettere pastorali, etc.$0(OLS)http://semarc/subject/37544 773 0 $aFerrari, Andrea Carlo $t[Lettere pastorali] 49-77 (1898-1901).$dMilano : Tip. e libreria arcivivescovile Ditta Boniardi-Pogliani di G. Giovanola e C., 1898-1901.$g61$w()23899 850 $aSeMil 852 $aSeMil$W1$xVenegono$y1$m2F V 25/16 FA$j144206$B144206$CSeMilBibl$Z2$F155647 $8I 996 $6245$aAlle Reverende Religiose dell'Arcidiocesi di Milano per l'Anno Santo$9(OLS)http://semarc/title/279174 996 $6260$aMilano :$bTip. arciv. Boniardi-Pogliani di C. Mauri e C.$9(OLS)http://semarc/publisher/50491